| 000 | 01007nam a22003257a 4500 | ||
|---|---|---|---|
| 003 | OSt | ||
| 008 | 150529b xxu||||| |||| 00| 0 eng d | ||
| 100 | 1 | _aMichel | |
| 041 | _aeng | ||
| 245 | 1 | 0 | _aMichel Osterreich-Spezial-Katalog |
| 260 |
_aLeipzig ; Munchen _bVerlag des Schwaneberger |
||
| 300 | _a464 pages | ||
| 650 | 0 | _aAustria | |
| 650 | 0 | _aCatalogs and Price Lists | |
| 650 | 0 | _aAustro-Hungarian Empire | |
| 650 | 0 | _aOffices Abroad | |
| 650 | 0 | _aOffices in Lombardy-Venetia (1850-1866) Lombardy-Venetia | |
| 650 | 0 | _aOffices in Turkish Empire (1863-1914) | |
| 650 | 0 | _aOffices in Crete | |
| 650 | 0 | _aOffices in China (1900-1908) | |
| 650 | 0 | _aAustria -- Bosnia and Herzegovina (1879-1918) | |
| 650 | 0 | _aAustro-Hungarian Military Post | |
| 650 | 0 | _aUnited Nations -- Offices in Vienna, Austria (1979-) | |
| 650 | 0 | _aProduction | |
| 650 | 0 | _aErrors and Varieties | |
| 650 | 0 | _aPostal Markings | |
| 650 | 0 | _aPostal History | |
| 650 | 0 | _aPostal Rates | |
| 650 | 0 | _aBibliographies | |
| 999 |
_c1519 _d1519 |
||